Business mathematics

Đã lưu trong:
Sonraí Bibleagrafaíochta
Príomhúdar: Miller, Charles D.
Formáid: Leabhar
Teanga:Undetermined
Foilsithe: London / New York Pearson Education 2006
Ábhair:
Clibeanna: Cuir Clib Leis
Gan Chlibeanna, Bí ar an gcéad duine leis an taifead seo a chlibeáil!
Thư viện lưu trữ: Trung tâm Học liệu Trường Đại học Cần Thơ
LEADER 00603nam a2200205Ia 4500
001 CTU_117437
008 210402s9999 xx 000 0 und d
020 |c 71.23 
082 |a 650.01513 
082 |b M647 
100 |a Miller, Charles D. 
245 0 |a Business mathematics 
245 0 |c Charles D. Miller, Stanley A. Salzman, Gary Clendenen 
260 |a London / New York 
260 |b Pearson Education 
260 |c 2006 
650 |a Business mathematics,Business mathematics 
650 |x Programmed instruction 
904 |i Truc 
980 |a Trung tâm Học liệu Trường Đại học Cần Thơ